00000000nas 2200000za 4500
0019.500304
003CaOODSP
00520250403104643
007cr |||||||||||
008150406d20012007oncar p oss  f0   b0fre|d
022 |y1492-4056|y1912-9998
040 |aCaOODSP|bfre
041 |aeng|afre
043 |an-cn---
0861 |aCS13-213-PDF
24500|aProvincial economic accounts. |pEstimates, tables and analytical document |h[ressource électronique] = |bComptes économiques provinciaux. Estimations ... tableaux et document analytique.
24611|aComptes économiques provinciaux. |pEstimations ... tableaux et document analytique
260 |aOttawa : |bStatistics Canada = Statistique Canada, |c2002-2008.
310 |aAnnuel
3620 |a2001-2007.
5203 |aPrésente une perspective régionale sur la conjoncture économique au Canada. L’accent est mis sur le produit intérieur brut de chaque région, la demande intérieure finale, le revenu personnel disponible et les comptes du secteur des administrations publiques.
546 |aTexte en anglais et en français.
69207|2gccst|aConditions économiques
7102 |aStatistique Canada.
78000|tProvincial economic accounts. |w(CaOODSP)9.843174
791 |tProvincial economic accounts. |eeng|w(CaOODSP)9.500303